Rywale reprezentacji Polski na Mundialach - Statystyki

Ogólne statystyki
  • Ten quiz został rozwiązany 1 003 razy
    976 od ostatniego zresetowania
  • Średni wynik to 25 z 33
Statystyki odpowiedzi
Mundial: Reprezentacja: % Poprawnych
Rosja 2018 Japonia
97%
Niemcy 2006 Niemcy
96%
Rosja 2018 Senegal
95%
Francja 1938 Brazylia
92%
RFN 1974 Brazylia
92%
Argentyna 1978 Brazylia
92%
Meksyk 1986 Brazylia
92%
Rosja 2018 Kolumbia
92%
RFN 1974 Argentyna
91%
Argentyna 1978 Argentyna
91%
Meksyk 1986 Portugalia
89%
Japonia / Korea Południowa 2002 Portugalia
89%
Hiszpania 1982 Francja
87%
Japonia / Korea Południowa 2002 Stany Zjednoczone
87%
Japonia / Korea Południowa 2002 Korea Południowa
85%
RFN 1974 Włochy
85%
Hiszpania 1982 Włochy
85%
Meksyk 1986 Anglia
74%
Argentyna 1978 Meksyk
74%
RFN 1974 RFN
74%
Argentyna 1978 RFN
74%
Niemcy 2006 Ekwador
71%
Hiszpania 1982 Belgia
67%
RFN 1974 Szwecja
67%
Niemcy 2006 Kostaryka
66%
Hiszpania 1982 ZSRR
66%
RFN 1974 Haiti
59%
Argentyna 1978 Peru
59%
Hiszpaniia 1982 Peru
59%
RFN 1974 Jugosławia
55%
Hiszpania 1982 Kamerun
43%
Meksyk 1986 Maroko
42%
Argentyna 1978 Tunezja
31%
Nie znaleziono quizów pasujących do podanych kryteriów
Rozkład punktacji
Procent ludzi z każdym wynikiem
Percentyl według liczby udzielonych odpowiedzi
Twoja historia wyników
Nie rozwiązałeś tego quizu od ostatniego zresetowania